<?xml version="1.0" encoding="UTF-8"?>
<record
    xmlns:xsi="http://www.w3.org/2001/XMLSchema-instance"
    xsi:schemaLocation="http://www.loc.gov/MARC21/slim http://www.loc.gov/standards/marcxml/schema/MARC21slim.xsd"
    xmlns="http://www.loc.gov/MARC21/slim">

  <leader>01877nam a22003497a 4500</leader>
  <datafield tag="999" ind1=" " ind2=" ">
    <subfield code="c">23428</subfield>
    <subfield code="d">23428</subfield>
  </datafield>
  <controlfield tag="003">AR-CdUCM</controlfield>
  <controlfield tag="008">251224b2024    pe ||||| |||| 00| 0 spa d</controlfield>
  <datafield tag="020" ind1=" " ind2=" ">
    <subfield code="a">978-612-49792-0-0</subfield>
  </datafield>
  <datafield tag="040" ind1=" " ind2=" ">
    <subfield code="a">MUNICIPALIDAD PROVINCIAL DEL CUSCO</subfield>
    <subfield code="c">BIBLIOTECA MUNICIPAL DEL CUSCO</subfield>
  </datafield>
  <datafield tag="082" ind1=" " ind2=" ">
    <subfield code="a">985.61 /</subfield>
    <subfield code="b">M95</subfield>
  </datafield>
  <datafield tag="110" ind1=" " ind2=" ">
    <subfield code="a">Municipalidad Distrital de Quellouno </subfield>
    <subfield code="9">51857</subfield>
  </datafield>
  <datafield tag="245" ind1=" " ind2=" ">
    <subfield code="a">Quellouno :</subfield>
    <subfield code="b">Pueblos Originarios y su Cultura /</subfield>
  </datafield>
  <datafield tag="260" ind1=" " ind2=" ">
    <subfield code="a">Quellouno-Cusco :</subfield>
    <subfield code="b">Municipalidad Distrital de Quellouno </subfield>
    <subfield code="c">2024</subfield>
  </datafield>
  <datafield tag="300" ind1=" " ind2=" ">
    <subfield code="a">223 p&#xE1;ginas. :</subfield>
    <subfield code="c">14 x 21 cm.</subfield>
  </datafield>
  <datafield tag="500" ind1=" " ind2=" ">
    <subfield code="z">P&#xE1;ginas:  222 - 223</subfield>
  </datafield>
  <datafield tag="505" ind1=" " ind2=" ">
    <subfield code="a">Aspectos Generales del Distrito Quellouno -- Datos -- Divisi&#xF3;n Pol&#xED;tica y administrativa -- Centros Poblados rurales -- Comunidades Nativas -- CC.NN Chirumbia -- Yokiri -- Matoriato -- Kiraateni -- Cambios y continuidad -- Contexto Hist&#xF3;rico -- Quellouno un espacio del Antisuyu Prehisp&#xE1;nico -- El proceso colonial -- El contexto republicano -- Pueblos Originarios -- Familias de la amazonia cusque&#xF1;a -- Alto Urubamba -- Geograf&#xED;a y simbolismos -- Distrito Quellouno -- Historia -- Cosmovisi&#xF3;n -- Fiesta tradicional del pueblo Mtsigenka -- M&#xFA;sica y danza en la cultura -- Medicina tradicional -- Textiler&#xED;a -- Caza -- Agricultura -- Arquitectura -- Gastronom&#xED;a tradicional -- Tradici&#xF3;n Oral....</subfield>
  </datafield>
  <datafield tag="650" ind1=" " ind2=" ">
    <subfield code="a">Contexto Urbano</subfield>
    <subfield code="9">51858</subfield>
  </datafield>
  <datafield tag="650" ind1=" " ind2=" ">
    <subfield code="a">Misi&#xF3;n Virgen del Rosario </subfield>
    <subfield code="9">51859</subfield>
  </datafield>
  <datafield tag="650" ind1=" " ind2=" ">
    <subfield code="a">Apostolado </subfield>
    <subfield code="9">3734</subfield>
  </datafield>
  <datafield tag="650" ind1=" " ind2=" ">
    <subfield code="a">Resoluci&#xF3;n de reconocimientos </subfield>
    <subfield code="9">51861</subfield>
  </datafield>
  <datafield tag="650" ind1=" " ind2=" ">
    <subfield code="a">Grupos familiares</subfield>
    <subfield code="9">51862</subfield>
  </datafield>
  <datafield tag="650" ind1=" " ind2=" ">
    <subfield code="a">Ubicaci&#xF3;n geogr&#xE1;fica</subfield>
    <subfield code="9">49570</subfield>
  </datafield>
  <datafield tag="650" ind1=" " ind2=" ">
    <subfield code="a">L&#xED;mites del anexo</subfield>
    <subfield code="9">51863</subfield>
  </datafield>
  <datafield tag="650" ind1=" " ind2=" ">
    <subfield code="a">Continuidad cultural </subfield>
    <subfield code="9">51864</subfield>
  </datafield>
  <datafield tag="650" ind1=" " ind2=" ">
    <subfield code="a">Dioses y visiones del mundo</subfield>
    <subfield code="9">51865</subfield>
  </datafield>
  <datafield tag="650" ind1=" " ind2=" ">
    <subfield code="a">El Masato </subfield>
    <subfield code="9">51866</subfield>
  </datafield>
  <datafield tag="650" ind1=" " ind2=" ">
    <subfield code="a">Instrumentos</subfield>
    <subfield code="9">8778</subfield>
  </datafield>
  <datafield tag="650" ind1=" " ind2=" ">
    <subfield code="a">Recomendaciones</subfield>
    <subfield code="9">51867</subfield>
  </datafield>
  <datafield tag="942" ind1=" " ind2=" ">
    <subfield code="2">ddc</subfield>
    <subfield code="c">LIBROS</subfield>
  </datafield>
  <datafield tag="945" ind1=" " ind2=" ">
    <subfield code="a">jmcs</subfield>
    <subfield code="d">24/12/2025</subfield>
  </datafield>
  <datafield tag="952" ind1=" " ind2=" ">
    <subfield code="0">0</subfield>
    <subfield code="2">ddc</subfield>
    <subfield code="4">0</subfield>
    <subfield code="7">0</subfield>
    <subfield code="a">SH</subfield>
    <subfield code="b">SH</subfield>
    <subfield code="c">CART</subfield>
    <subfield code="d">2025-12-24</subfield>
    <subfield code="e">Donaci&#xF3;n</subfield>
    <subfield code="g">40.00</subfield>
    <subfield code="o">985.61 / M95</subfield>
    <subfield code="p">SH0000017039</subfield>
    <subfield code="r">2025-12-24</subfield>
    <subfield code="y">LIBROS</subfield>
  </datafield>
</record>
